[Event "GBR-ch86"]
[Site "Scarborough"]
[Date "1999.08.09"]
[Round "7.42"]
[White "D'Costa, Lorin"]
[Black "Harris, Costas"]
[Result "0-1"]
[WhiteElo "2215"]
[BlackElo "2065"]
[PlyCount "80"]
[EventDate "1999.08.02"]
[EventType "swiss"]
[EventRounds "11"]
[EventCountry "GBR"]

1. e4 c6 2. d4 d5 3. e5 Bf5 4. Nc3 e6 5. g4 Bg6 6. Nge2 f6 7. h4 c5 8. Bg2 Nc6
9. f4 Bf7 10. exf6 gxf6 11. Be3 Nh6 12. Bf3 Rg8 13. Rg1 cxd4 14. Nxd4 e5 15.
Nxc6 bxc6 16. Qd2 e4 17. Be2 f5 18. g5 Ng4 19. Bd4 h5 20. Na4 Bd6 21. Nc5 Qe7
22. Bxg4 hxg4 23. Qe3 Rb8 24. a3 a5 25. Rb1 Bh5 26. b4 Kf7 27. Kd2 Rb5 28. c3
Rgb8 29. Nb3 axb4 30. axb4 Qc7 31. Rgf1 Ra8 32. Rb2 Ra3 33. Kc2 Qb8 34. Qd2 g3
35. Bc5 Rxb3 36. Rxb3 Bxc5 37. Ra3 Bf2 38. Rfa1 Qb6 39. Ra6 Qe3 40. Ra7+ Ke6
0-1

[Event "GBR-ch86"]
[Site "Scarborough"]
[Date "1999.08.09"]
[Round "7.43"]
[White "Ledger, Stephen C"]
[Black "Lim, Chin Lee"]
[Result "1-0"]
[WhiteElo "2162"]
[BlackElo "2110"]
[PlyCount "79"]
[EventDate "1999.08.02"]
[EventType "swiss"]
[EventRounds "11"]
[EventCountry "GBR"]

1. d4 Nf6 2. Nf3 g6 3. Bf4 Bg7 4. e3 O-O 5. h3 d6 6. Be2 Nbd7 7. O-O Nh5 8. Bh2
e5 9. g4 e4 10. gxh5 exf3 11. Bxf3 gxh5 12. Bf4 Qh4 13. Bg2 Nf6 14. Qf3 Re8 15.
Nc3 Bd7 16. Qg3 Qxg3 17. Bxg3 Bc6 18. Rfd1 Ne4 19. Nxe4 Bxe4 20. c4 Bxg2 21.
Kxg2 Re7 22. Rac1 f5 23. Rd3 Bh6 24. Kf3 Kf7 25. Rb3 b6 26. c5 dxc5 27. dxc5
Re6 28. cxb6 cxb6 29. Rb5 Kf6 30. Rc7 Kg6 31. Rd5 Bg7 32. b3 a5 33. Rdd7 Bh6
34. Bf4 Bxf4 35. Rg7+ Kh6 36. Rxh7+ Kg5 37. exf4+ Kh4 38. Rcg7 Rd8 39. Rg5 Rd3+
40. Kg2 1-0

[Event "GBR-ch86"]
[Site "Scarborough"]
[Date "1999.08.09"]
[Round "7.44"]
[White "Player, Edmund C"]
[Black "Richards, Heather"]
[Result "0-1"]
[WhiteElo "2105"]
[BlackElo "2117"]
[PlyCount "72"]
[EventDate "1999.08.02"]
[EventType "swiss"]
[EventRounds "11"]
[EventCountry "GBR"]

1. e4 e6 2. d3 c5 3. g3 Nc6 4. Bg2 g6 5. Nc3 Bg7 6. Be3 d6 7. f4 Nge7 8. Nf3
Nd4 9. O-O O-O 10. Rb1 Nec6 11. Ne1 Rb8 12. Ne2 b5 13. Nxd4 Nxd4 14. c3 Nc6 15.
Nc2 b4 16. d4 Ba6 17. Re1 bxc3 18. bxc3 Qa5 19. Qd2 Rxb1 20. Rxb1 cxd4 21. Nxd4
Nxd4 22. Bxd4 Bxd4+ 23. Qxd4 Qxa2 24. Rd1 Bc4 25. h4 Qb3 26. Rd2 a5 27. h5 Qb5
28. h6 Qc5 29. Kh2 Qxd4 30. Rxd4 Rc8 31. Rxd6 a4 32. Rd7 a3 33. Ra7 a2 34. e5
Kf8 35. Kg1 Rb8 36. Be4 Rb1+ 0-1

[Event "GBR-ch86"]
[Site "Scarborough"]
[Date "1999.08.09"]
[Round "7.45"]
[White "Mercs, Peter J"]
[Black "Barton, R Alan"]
[Result "0-1"]
[WhiteElo "2123"]
[BlackElo "2149"]
[PlyCount "142"]
[EventDate "1999.08.02"]
[EventType "swiss"]
[EventRounds "11"]
[EventCountry "GBR"]

1. e4 d5 2. exd5 Qxd5 3. Nc3 Qa5 4. d4 c6 5. Nf3 Nf6 6. Bc4 Bf5 7. Bd2 e6 8.
Qe2 Bb4 9. a3 Nbd7 10. Ba2 Bxc3 11. Bxc3 Qc7 12. O-O O-O 13. Bd2 h6 14. c4 Ne4
15. Rac1 Nxd2 16. Qxd2 Rad8 17. Rfd1 Bg4 18. Qe3 Rfe8 19. h3 Bxf3 20. Qxf3 Nf6
21. b4 Qb6 22. Qf4 Re7 23. Rc3 e5 24. Qf5 Rxd4 25. Rxd4 Qxd4 26. Rg3 e4 27. c5
Qe5 28. Qxe5 Rxe5 29. Kf1 Kf8 30. Ke2 Nh5 31. Re3 Nf4+ 32. Kf1 f5 33. Bc4 Nd5
34. Rb3 a6 35. a4 Nc7 36. Ke2 g5 37. h4 f4 38. hxg5 hxg5 39. g3 Nd5 40. gxf4
gxf4 41. b5 axb5 42. axb5 Ne7 43. bxc6 bxc6 44. Rb8+ Kg7 45. Re8 Ng6 46. Rg8+
Kf6 47. Ba2 Rxc5 48. Bb1 Rc4 49. f3 exf3+ 50. Kxf3 Ne5+ 51. Ke2 Rb4 52. Bh7
Rb2+ 53. Kf1 c5 54. Rf8+ Kg7 55. Re8 Nc4 56. Re7+ Kf6 57. Rc7 Ne3+ 58. Ke1 f3
59. Bc2 Rxc2 60. Rf7+ Ke5 61. Re7+ Kf4 62. Re4+ Kg3 63. Rxe3 Kg2 64. Kd1 f2 65.
Kxc2 f1=Q 66. Rc3 c4 67. Kb2 Qf6 68. Kc2 Qd4 69. Ra3 Kf2 70. Kb1 Qd3+ 71. Ka2
c3 0-1

[Event "GBR-ch86"]
[Site "Scarborough"]
[Date "1999.08.09"]
[Round "7.46"]
[White "Dempsey, Paul"]
[Black "Bushill, Michael"]
[Result "1/2-1/2"]
[WhiteElo "2168"]
[BlackElo "2072"]
[PlyCount "100"]
[EventDate "1999.08.02"]
[EventType "swiss"]
[EventRounds "11"]
[EventCountry "GBR"]

1. d4 Nf6 2. Nf3 e6 3. Bg5 c5 4. e3 Be7 5. Nbd2 cxd4 6. exd4 b6 7. Bd3 Bb7 8.
O-O O-O 9. Re1 d6 10. Qe2 Nbd7 11. a4 h6 12. Bh4 Nd5 13. Qe4 g6 14. Qg4 N7f6
15. Bxf6 Nxf6 16. Qh3 Kg7 17. c3 Rc8 18. Nb3 a6 19. Nfd2 Rc7 20. g3 Qa8 21. Qf1
Rd7 22. Nc1 Bd8 23. Na2 Re7 24. Nb4 a5 25. Nc2 Bc7 26. Na3 Rd8 27. Nb5 Bc6 28.
Nxc7 Rxc7 29. Nc4 Qb7 30. Rec1 Ne4 31. Bxe4 Bxe4 32. Nd2 Bd5 33. c4 Bc6 34. b3
Rdc8 35. Qd1 Qa8 36. Nf1 Bf3 37. Qd2 Qe4 38. Re1 Qf5 39. Qe3 d5 40. Nd2 Bg4 41.
f3 Bh3 42. g4 Qf6 43. Qe5 h5 44. g5 Qxe5 45. dxe5 Bf5 46. Re3 Kf8 47. Kf2 Ke7
48. Rc3 Rc5 49. f4 Bg4 50. Rd3 Bf5 1/2-1/2

[Event "GBR-ch86"]
[Site "Scarborough"]
[Date "1999.08.10"]
[Round "8.2"]
[White "Gormally, Daniel"]
[Black "Rowson, Jonathan"]
[Result "1/2-1/2"]
[WhiteElo "2476"]
[BlackElo "2490"]
[PlyCount "73"]
[EventDate "1999.08.02"]
[EventType "swiss"]
[EventRounds "11"]
[EventCountry "GBR"]

1. e4 c5 2. Nf3 d6 3. d4 Nf6 4. Nc3 cxd4 5. Nxd4 a6 6. Bc4 e6 7. O-O b5 8. Bb3
b4 9. Na4 Bd7 10. f4 Nc6 11. Be3 Rb8 12. c3 bxc3 13. Nxc3 Be7 14. Qe2 Qa5 15.
f5 Nxd4 16. Bxd4 Rb4 17. fxe6 Bxe6 18. Bxf6 Bxf6 19. Nd5 Bxd5 20. Bxd5 Rxb2 21.
Qg4 Qc5+ 22. Kh1 h5 23. Qh3 Ke7 24. Rae1 Rf2 25. Rg1 Rc2 26. Rb1 Qc8 27. Rb7+
Rc7 28. Rgb1 Qxh3 29. Rxc7+ Kd8 30. gxh3 Kxc7 31. Rb7+ Kc8 32. Rxf7 Re8 33. Ra7
Re7 34. Ra8+ Kc7 35. Rxa6 Re8 36. Rc6+ Kd7 37. Rc2 1/2-1/2

[Event "GBR-ch86"]
[Site "Scarborough"]
[Date "1999.08.10"]
[Round "8.3"]
[White "Rahman, Ziaur"]
[Black "Turner, Matthew"]
[Result "1-0"]
[WhiteElo "2461"]
[BlackElo "2478"]
[PlyCount "51"]
[EventDate "1999.08.02"]
[EventType "swiss"]
[EventRounds "11"]
[EventCountry "GBR"]

1. c4 c5 2. Nf3 Nc6 3. d4 cxd4 4. Nxd4 g6 5. e4 Bg7 6. Be3 Nf6 7. Nc3 O-O 8.
Be2 b6 9. O-O Bb7 10. f4 Nxd4 11. Bxd4 d6 12. Bf3 Rc8 13. b3 Nd7 14. Bxg7 Kxg7
15. Qd4+ Kg8 16. Rad1 Nc5 17. Bg4 Rc6 18. Nd5 Ne6 19. Qe3 Rc5 20. f5 Bxd5 21.
exd5 Ng7 22. Qh6 gxf5 23. Rxf5 f6 24. Rf3 Qe8 25. Rg3 Rf7 26. Bf5 1-0

[Event "GBR-ch86"]
[Site "Scarborough"]
[Date "1999.08.10"]
[Round "8.4"]
[White "Lalic, Bogdan"]
[Black "Emms, John M"]
[Result "1/2-1/2"]
[WhiteElo "2550"]
[BlackElo "2586"]
[PlyCount "37"]
[EventDate "1999.08.02"]
[EventType "swiss"]
[EventRounds "11"]
[EventCountry "GBR"]

1. e4 e5 2. Nf3 Nc6 3. Bb5 a6 4. Ba4 Nf6 5. O-O b5 6. Bb3 Bc5 7. a4 Bb7 8. d3
O-O 9. Nc3 b4 10. Nd5 h6 11. a5 d6 12. c3 bxc3 13. bxc3 Rb8 14. Bd2 Ba7 15. Qe2
Nxd5 16. Bxd5 Nxa5 17. Bxb7 Nxb7 18. Rxa6 Bb6 19. Be3 1/2-1/2

[Event "GBR-ch86"]
[Site "Scarborough"]
[Date "1999.08.10"]
[Round "8.5"]
[White "Thipsay, Praveen"]
[Black "Lane, Gary William"]
[Result "1-0"]
[WhiteElo "2492"]
[BlackElo "2409"]
[PlyCount "77"]
[EventDate "1999.08.02"]
[EventType "swiss"]
[EventRounds "11"]
[EventCountry "GBR"]

1. e4 e5 2. Nf3 Nc6 3. Bb5 a6 4. Ba4 Nf6 5. O-O b5 6. Bb3 Bc5 7. a4 Rb8 8. c3
d6 9. axb5 axb5 10. d3 O-O 11. Bg5 h6 12. Bh4 Re8 13. Nbd2 Be6 14. Bd5 Bd7 15.
Bb3 g5 16. Bg3 Bb6 17. Re1 Ne7 18. d4 Ng6 19. dxe5 dxe5 20. Nf1 Bc6 21. Qc2 Qc8
22. h3 Qb7 23. N3d2 Rbd8 24. Rad1 h5 25. Ne3 Rxd2 26. Rxd2 Bxe4 27. Qd1 Nf4 28.
Bxf4 gxf4 29. Nd5 Bxd5 30. Bxd5 c6 31. Be4 Kg7 32. Qf3 Re6 33. Bf5 Re7 34. g3
Kf8 35. gxf4 exf4 36. Rxe7 Qxe7 37. Qxf4 Qe1+ 38. Kg2 Nd5 39. Rxd5 1-0

[Event "GBR-ch86"]
[Site "Scarborough"]
[Date "1999.08.10"]
[Round "8.6"]
[White "Baburin, Alexander"]
[Black "Pert, Nicholas"]
[Result "1-0"]
[WhiteElo "2593"]
[BlackElo "2425"]
[PlyCount "163"]
[EventDate "1999.08.02"]
[EventType "swiss"]
[EventRounds "11"]
[EventCountry "GBR"]

1. d4 d5 2. c4 c6 3. e3 Bf5 4. cxd5 cxd5 5. Qb3 Qc7 6. Nc3 e6 7. Bd2 Nc6 8. Rc1
a6 9. Nf3 Bd6 10. Na4 Nf6 11. Ne5 Bxe5 12. dxe5 Nd7 13. f4 O-O 14. Be2 f6 15.
exf6 Nxf6 16. Nc5 Rf7 17. O-O Ne4 18. Nxe4 Bxe4 19. Bg4 Qd6 20. Qb6 d4 21. exd4
Qd5 22. Rfe1 Re8 23. Bh3 Bf5 24. Bxf5 Qxf5 25. Qc5 Rd8 26. Be3 Rfd7 27. Qb6 Qe4
28. Rcd1 Rf8 29. Qb3 Qd5 30. Qxd5 Rxd5 31. Rd2 Rfd8 32. Red1 h5 33. Kf2 Kf7 34.
Kf3 Ra5 35. b3 Nb4 36. Rc1 Rd7 37. a4 Rf5 38. h3 h4 39. Rc8 g5 40. Ke4 gxf4 41.
Bxf4 Nd5 42. Be5 Ne7 43. Rcc2 Nc6 44. Rf2 Kg6 45. Rcd2 Na5 46. b4 Nc4 47. Rc2
Nb6 48. b5 Nxa4 49. bxa6 Nc3+ 50. Kd3 Rxe5 51. axb7 Rb5 52. Rxc3 e5 53. Rc6+
Kg5 54. Kc4 Rdxb7 55. d5 Rb4+ 56. Kc5 R4b5+ 57. Kd6 e4 58. Ke5 Re7+ 59. Re6
Rxe6+ 60. Kxe6 e3 61. Rf5+ Kg6 62. Re5 Rb8 63. Kd7 Rb2 64. Rxe3 Rxg2 65. Re4
Kg5 66. d6 Rg3 67. Ke6 Rxh3 68. d7 Rd3 69. Re5+ Kg4 70. Rd5 Rxd5 71. Kxd5 h3
72. d8=Q h2 73. Qh8 Kg3 74. Ke4 Kg2 75. Qb2+ Kg3 76. Qc1 Kg2 77. Qd2+ Kg3 78.
Qe1+ Kg2 79. Qe2+ Kg1 80. Kf3 h1=Q+ 81. Kg3 Qh3+ 82. Kxh3 1-0

[Event "GBR-ch86"]
[Site "Scarborough"]
[Date "1999.08.10"]
[Round "8.7"]
[White "Summerscale, Aaron"]
[Black "Sasikiran, Krishnan"]
[Result "0-1"]
[WhiteElo "2423"]
[BlackElo "2536"]
[PlyCount "80"]
[EventDate "1999.08.02"]
[EventType "swiss"]
[EventRounds "11"]
[EventCountry "GBR"]

1. d4 Nf6 2. c4 g6 3. Nc3 Bg7 4. e4 d6 5. f4 O-O 6. Nf3 Na6 7. e5 Nd7 8. Be2 c5
9. exd6 exd6 10. O-O Nb6 11. d5 Bg4 12. h3 Bxf3 13. Rxf3 f5 14. Bd2 Nc7 15. Bd3
Qf6 16. Kh1 Rae8 17. Qc2 Re7 18. Rg1 Nd7 19. Nd1 Rfe8 20. Nf2 Qxb2 21. Qxb2
Bxb2 22. Rb1 Bd4 23. Rxb7 Nf6 24. Rxa7 Ncxd5 25. Rxe7 Nxe7 26. Nd1 Ne4 27. Be1
Ra8 28. a3 Nc8 29. g4 Nb6 30. gxf5 gxf5 31. h4 Kf7 32. Bf1 Ra4 33. Rb3 Nxc4 34.
Rb7+ Kg6 35. Bh3 Rxa3 36. h5+ Kxh5 37. Bxf5 Nf6 38. Rg7 Ra1 39. Rg2 Kh6 40. Bc2
Ne3 0-1

[Event "GBR-ch86"]
[Site "Scarborough"]
[Date "1999.08.10"]
[Round "8.8"]
[White "Gallagher, Joseph G"]
[Black "Heidenfeld, Mark"]
[Result "1-0"]
[WhiteElo "2521"]
[BlackElo "2368"]
[PlyCount "105"]
[EventDate "1999.08.02"]
[EventType "swiss"]
[EventRounds "11"]
[EventCountry "GBR"]

1. d4 e6 2. e4 d5 3. Nc3 Nf6 4. Bg5 Be7 5. e5 Ng8 6. Be3 b6 7. Qg4 g6 8. Nh3
Ba6 9. Bxa6 Nxa6 10. O-O Qd7 11. Qf3 h5 12. Bg5 Nh6 13. Bxe7 Qxe7 14. Ne2 O-O
15. Nhf4 c5 16. Rad1 Nf5 17. c3 Rac8 18. Ng3 Qg5 19. Nh3 Qg4 20. Qd3 Nc7 21.
Qd2 cxd4 22. cxd4 Kg7 23. Nxf5+ Qxf5 24. Rc1 Na6 25. Rc3 Rxc3 26. Qxc3 Qg4 27.
Rc1 Qh4 28. Qe3 Qe7 29. Nf4 Rd8 30. Rc3 Rd7 31. Qe2 Nc7 32. Nxh5+ gxh5 33. Qxh5
Qb4 34. Rg3+ Kf8 35. Qh8+ Ke7 36. Qf6+ Kf8 37. h4 Ne8 38. Qh6+ Ke7 39. Qg5+ Kf8
40. Qh6+ Ke7 41. Qg5+ Kf8 42. h5 Rc7 43. h6 Qe1+ 44. Kh2 Rc1 45. Rh3 Rd1 46. h7
Qh1+ 47. Kg3 Qxh3+ 48. Kxh3 Rh1+ 49. Kg3 Rxh7 50. Qd8 Rg7+ 51. Kf3 f6 52. exf6
Rf7 53. Ke3 1-0

[Event "GBR-ch86"]
[Site "Scarborough"]
[Date "1999.08.10"]
[Round "8.9"]
[White "Kosten, Anthony"]
[Black "Bin-Sattar, Reefat"]
[Result "1-0"]
[WhiteElo "2515"]
[BlackElo "2377"]
[PlyCount "79"]
[EventDate "1999.08.02"]
[EventType "swiss"]
[EventRounds "11"]
[EventCountry "GBR"]

1. c4 e6 2. Nc3 d5 3. d4 c6 4. cxd5 exd5 5. Bf4 Nf6 6. e3 Bf5 7. Nge2 Qb6 8.
Qd2 Be7 9. f3 Bg6 10. Bg3 Nbd7 11. Nf4 O-O 12. Bf2 Rfe8 13. Nxg6 hxg6 14. Bd3
Nf8 15. O-O Ne6 16. a3 Qd8 17. Rad1 Bd6 18. Kh1 Bc7 19. Bb1 Qe7 20. Ba2 Rad8
21. Bg1 Nh5 22. Qf2 Qg5 23. Ne2 f5 24. g3 Qh6 25. Qg2 Nf6 26. Bf2 Kh7 27. Rfe1
Kg8 28. Nc3 Ng5 29. e4 fxe4 30. fxe4 Ng4 31. Bg1 Kh8 32. exd5 Qh5 33. dxc6 bxc6
34. Bb1 Kh7 35. Qxc6 Rxe1 36. Rxe1 Rf8 37. Qg2 Nf3 38. Re6 Kh8 39. Bxg6 Qg5 40.
Qxf3 1-0

[Event "GBR-ch86"]
[Site "Scarborough"]
[Date "1999.08.10"]
[Round "8.10"]
[White "Haslinger, Stewart"]
[Black "Hebden, Mark"]
[Result "1/2-1/2"]
[WhiteElo "2267"]
[BlackElo "2510"]
[PlyCount "114"]
[EventDate "1999.08.02"]
[EventType "swiss"]
[EventRounds "11"]
[EventCountry "GBR"]

1. e4 e5 2. Nf3 Nc6 3. d4 exd4 4. Nxd4 Nf6 5. Nc3 Bb4 6. Nxc6 bxc6 7. Bd3 O-O
8. O-O d5 9. exd5 cxd5 10. Bg5 c6 11. Qf3 Rb8 12. Bxf6 Qxf6 13. Qxf6 gxf6 14.
Ne2 Bd6 15. b3 Be5 16. Rae1 a5 17. Kh1 Re8 18. f4 Bd6 19. Ng3 Rxe1 20. Rxe1 Bg4
21. Nf5 Bxf4 22. Ne7+ Kf8 23. Nxc6 Rc8 24. Nd4 Be5 25. Nf5 Bc3 26. Re3 Bd2 27.
Rg3 Re8 28. Kg1 h5 29. h3 Bxf5 30. Bxf5 Re1+ 31. Kf2 Re5 32. Rf3 Be1+ 33. Kg1
h4 34. Bd3 Ke7 35. Rf5 Ke6 36. Rxe5+ fxe5 37. Kf1 Bc3 38. Ke2 Kd6 39. Bb5 Kc5
40. Be8 f6 41. Bf7 Kd4 42. Be6 Bb4 43. c4 dxc4 44. Bxc4 a4 45. a3 Kc3 46. bxa4
Kxc4 47. axb4 Kxb4 48. a5 Kxa5 49. g3 hxg3 50. h4 Kb4 51. h5 Kc3 52. h6 g2 53.
Kf2 e4 54. h7 e3+ 55. Kxg2 e2 56. h8=Q e1=Q 57. Qxf6+ Kc2 1/2-1/2

[Event "GBR-ch86"]
[Site "Scarborough"]
[Date "1999.08.10"]
[Round "8.11"]
[White "Al-Rakib, Abdullah"]
[Black "Ward, Christopher G"]
[Result "0-1"]
[WhiteElo "2367"]
[BlackElo "2473"]
[PlyCount "84"]
[EventDate "1999.08.02"]
[EventType "swiss"]
[EventRounds "11"]
[EventCountry "GBR"]

1. d4 Nf6 2. Nf3 e6 3. c4 c5 4. d5 d6 5. Nc3 exd5 6. cxd5 g6 7. e4 a6 8. a4 Bg4
9. Qb3 Bxf3 10. gxf3 Qc7 11. Bg2 Nbd7 12. O-O Bg7 13. f4 O-O 14. Rd1 Rab8 15.
Be3 Qd8 16. e5 dxe5 17. fxe5 Ng4 18. e6 Nxe3 19. fxe3 Ne5 20. d6 c4 21. e7 cxb3
22. exd8=Q Rfxd8 23. Rd4 Nc6 24. Rd2 Bxc3 25. bxc3 Ne5 26. Rb1 Nc4 27. Rd4 Nxe3
28. Bh3 b5 29. Rxb3 f5 30. axb5 axb5 31. d7 Kf7 32. Kf2 Nc4 33. Bf1 Ke7 34. Rh4
h5 35. Bxc4 bxc4 36. Rxb8 Rxb8 37. Rxc4 Kxd7 38. Kg3 Rb1 39. Ra4 g5 40. h4 g4
41. Kf4 Rf1+ 42. Kg5 g3 0-1

[Event "GBR-ch86"]
[Site "Scarborough"]
[Date "1999.08.10"]
[Round "8.13"]
[White "Conquest, Stuart"]
[Black "Kidambi, Sundara"]
[Result "1/2-1/2"]
[WhiteElo "2555"]
[BlackElo "2334"]
[PlyCount "101"]
[EventDate "1999.08.02"]
[EventType "swiss"]
[EventRounds "11"]
[EventCountry "GBR"]

1. e4 c6 2. d4 d5 3. Nc3 dxe4 4. Nxe4 Nd7 5. Nf3 Ngf6 6. Nc3 e6 7. Bd3 c5 8.
Qe2 cxd4 9. Nxd4 Bb4 10. O-O O-O 11. Rd1 a6 12. Ne4 Be7 13. Bg5 h6 14. Bf4 Nxe4
15. Bxe4 Qb6 16. c4 Nf6 17. Bc2 Bd7 18. Rd3 Rfd8 19. Rad1 Be8 20. b3 Rd7 21.
Be5 Rad8 22. a4 Qc5 23. h3 Bd6 24. f4 Bxe5 25. Qxe5 Qxe5 26. fxe5 Nh5 27. Kf2
Nf4 28. R3d2 f6 29. exf6 gxf6 30. c5 e5 31. Nf3 Rxd2+ 32. Rxd2 Rxd2+ 33. Nxd2
Bc6 34. Be4 Bxe4 35. Nxe4 f5 36. Nd6 Nd3+ 37. Ke3 Nxc5 38. Nxf5 Nxb3 39. Nxh6+
Kh7 40. Nf7 Nc5 41. Nxe5 Nxa4 42. Kd4 Kh6 43. g4 Kg5 44. Nf3+ Kf4 45. g5 Nb6
46. h4 Nd7 47. h5 Kf5 48. Kd5 Ne5 49. h6 Nf7 50. h7 Nh8 51. Kc5 1/2-1/2

[Event "GBR-ch86"]
[Site "Scarborough"]
[Date "1999.08.10"]
[Round "8.14"]
[White "Knott, Simon"]
[Black "Davies, Nigel"]
[Result "1/2-1/2"]
[WhiteElo "2348"]
[BlackElo "2518"]
[PlyCount "95"]
[EventDate "1999.08.02"]
[EventType "swiss"]
[EventRounds "11"]
[EventCountry "GBR"]

1. c4 e5 2. Nc3 Bb4 3. Nf3 Bxc3 4. bxc3 d6 5. c5 Nf6 6. cxd6 Qxd6 7. Qa4+ Nbd7
8. Ba3 c5 9. d4 O-O 10. e3 Qc7 11. Rc1 b6 12. Be2 Bb7 13. O-O Rfe8 14. Rfd1
Rac8 15. h3 Bc6 16. Qb3 exd4 17. cxd4 Bd5 18. Bc4 Bxc4 19. Rxc4 Ne4 20. Rdc1
Qc6 21. dxc5 bxc5 22. Qa4 Qb7 23. R4c2 h6 24. Nd2 Nb6 25. Qa5 Nxd2 26. Rxd2 c4
27. Rd4 Re6 28. Bb2 f6 29. Rd2 Rec6 30. Bd4 Qf7 31. Rdc2 R8c7 32. Qb5 Qe6 33.
Bxb6 axb6 34. Qb4 Rc5 35. a4 h5 36. Rc3 h4 37. Qb2 Rg5 38. Kh1 Rgc5 39. Qc2 Qc6
40. e4 Qd6 41. Rd1 Qe5 42. Rf3 Kf7 43. Rf5 Qe6 44. Rfd5 Rxd5 45. exd5 Qd6 46.
Rd4 c3 47. Rd3 Rc5 48. Rxc3 1/2-1/2

[Event "GBR-ch86"]
[Site "Scarborough"]
[Date "1999.08.10"]
[Round "8.16"]
[White "Palliser, Richard"]
[Black "Arkell, Keith C"]
[Result "0-1"]
[WhiteElo "2253"]
[BlackElo "2462"]
[PlyCount "110"]
[EventDate "1999.08.02"]
[EventType "swiss"]
[EventRounds "11"]
[EventCountry "GBR"]

1. d4 Nf6 2. c4 e6 3. Nc3 Bb4 4. Qc2 c5 5. dxc5 O-O 6. a3 Bxc5 7. Nf3 Nc6 8.
Bg5 Nd4 9. Nxd4 Bxd4 10. e3 Qa5 11. exd4 Qxg5 12. Qd2 Qg6 13. Bd3 Qxg2 14.
O-O-O Qh3 15. Rhg1 Qh4 16. Qe3 Nh5 17. Be2 Nf4 18. Bf3 f5 19. Kb1 d6 20. Nb5
Rd8 21. d5 e5 22. Nxd6 Ng6 23. c5 b6 24. Nxc8 bxc5 25. Nxa7 Rxa7 26. Qxc5 Rad7
27. Qe3 e4 28. Be2 Ne5 29. f4 exf3 30. Bxf3 Qf6 31. Rge1 Re7 32. d6 Rxd6 33.
Rxd6 Qxd6 34. Qb3+ Kf8 35. Rd1 Qc7 36. Rc1 Qd8 37. Rd1 Qe8 38. Qb6 Re6 39. Qc5+
Qe7 40. Rd8+ Kf7 41. Qxe7+ Kxe7 42. Bd5 Rh6 43. Rg8 Rxh2 44. Rxg7+ Kd6 45. Ba8
f4 46. Rg2 Rh3 47. Rf2 f3 48. Kc2 h5 49. Kd2 h4 50. Be4 Rg3 51. Bf5 Nc4+ 52.
Ke1 Ke5 53. Bd3 Ne3 54. Rh2 h3 55. Kf2 Kf4 0-1

[Event "GBR-ch86"]
[Site "Scarborough"]
[Date "1999.08.10"]
[Round "8.18"]
[White "Hunt, Harriet"]
[Black "Naylor, John"]
[Result "1-0"]
[WhiteElo "2420"]
[BlackElo "2233"]
[PlyCount "89"]
[EventDate "1999.08.02"]
[EventType "swiss"]
[EventRounds "11"]
[EventCountry "GBR"]

1. e4 e5 2. Nf3 Nc6 3. Bb5 f5 4. Nc3 Nd4 5. Ba4 Nf6 6. d3 Bc5 7. exf5 O-O 8.
Ne4 Be7 9. O-O Nxf5 10. Nxe5 d5 11. Nxf6+ Bxf6 12. d4 c5 13. c3 cxd4 14. cxd4
Qb6 15. Nd7 Bxd7 16. Bxd7 Bxd4 17. Qg4 Ne7 18. Qe6+ Qxe6 19. Bxe6+ Kh8 20. Bg5
Bf6 21. Bxf6 Rxf6 22. Rfe1 Rd8 23. Rac1 h6 24. Rc7 Nc6 25. Bg4 b6 26. a3 d4 27.
Bf3 Na5 28. Ree7 d3 29. Bd1 Rg6 30. f4 Nc6 31. Red7 Rd6 32. Rxd8+ Nxd8 33. Rxa7
Nc6 34. Rc7 Kh7 35. Kf2 Kg6 36. g4 Kf6 37. Ke3 g5 38. b4 Ne7 39. fxg5+ hxg5 40.
Kd2 Ng6 41. a4 Ne5 42. Ke3 Nc6 43. b5 Ne7 44. Kd2 Ke6 45. Rc3 1-0

[Event "GBR-ch86"]
[Site "Scarborough"]
[Date "1999.08.10"]
[Round "8.19"]
[White "Storey, Charles H"]
[Black "Dunnington, Angus J"]
[Result "0-1"]
[WhiteElo "2211"]
[BlackElo "2366"]
[PlyCount "64"]
[EventDate "1999.08.02"]
[EventType "swiss"]
[EventRounds "11"]
[EventCountry "GBR"]

1. e4 c6 2. d4 d5 3. e5 c5 4. c3 Nc6 5. Be3 Bf5 6. Nf3 Qb6 7. Qd2 e6 8. dxc5
Bxc5 9. Bxc5 Qxc5 10. b4 Qb6 11. Na3 Nge7 12. Nb5 O-O 13. Nbd4 Be4 14. b5 Nxd4
15. Nxd4 f6 16. exf6 Rxf6 17. f3 Bg6 18. a4 e5 19. a5 Qd6 20. Nb3 e4 21. Be2
exf3 22. Bxf3 Qe5+ 23. Kf2 Be4 24. Qd4 Qf4 25. Ra4 Qh4+ 26. Ke2 Rf4 27. Kd2 Nf5
28. Qg1 Qh6 29. Ke1 Bxf3 30. Rxf4 Re8+ 31. Kf2 Qxf4 32. gxf3 Qh4+ 0-1

[Event "GBR-ch86"]
[Site "Scarborough"]
[Date "1999.08.10"]
[Round "8.20"]
[White "Ledger, Andrew"]
[Black "Buckley, Simon"]
[Result "0-1"]
[WhiteElo "2431"]
[BlackElo "2216"]
[PlyCount "78"]
[EventDate "1999.08.02"]
[EventType "swiss"]
[EventRounds "11"]
[EventCountry "GBR"]

1. e4 e6 2. Nc3 d5 3. Nf3 Nf6 4. e5 Nfd7 5. d4 c5 6. dxc5 Nc6 7. Bf4 Be7 8. Bg3
Nxc5 9. Bd3 O-O 10. O-O a6 11. Re1 f6 12. exf6 Bxf6 13. Qd2 Nxd3 14. Qxd3 Bd7
15. Nd1 Be8 16. Rxe6 Bg6 17. Qb3 Bf7 18. Rd6 Qa5 19. Ne3 d4 20. Nc4 Qb4 21.
Qxb4 Nxb4 22. Nb6 Rad8 23. a3 Nxc2 24. Rc1 d3 25. Nd7 Bxb2 26. Rd1 Rfe8 27.
R6xd3 Rc8 28. a4 b5 29. axb5 axb5 30. Be5 Ba3 31. Ng5 Bg6 32. Rg3 Rcd8 33. f4
Bc5+ 34. Kh1 Ne3 35. Ne6 Rxe6 36. Nf6+ gxf6 37. Rxd8+ Kf7 38. Rc8 Bb6 39. Bc3
Rd6 0-1

[Event "GBR-ch86"]
[Site "Scarborough"]
[Date "1999.08.10"]
[Round "8.21"]
[White "Lilley, Graham"]
[Black "Williams, Simon Kim"]
[Result "0-1"]
[WhiteElo "2235"]
[BlackElo "2421"]
[PlyCount "106"]
[EventDate "1999.08.02"]
[EventType "swiss"]
[EventRounds "11"]
[EventCountry "GBR"]

1. d4 e6 2. c4 b6 3. Nc3 Bb7 4. e4 Bb4 5. Qc2 Qh4 6. d5 f5 7. exf5 exd5 8. Nf3
Qe4+ 9. Qxe4+ dxe4 10. Nd4 Ne7 11. Be3 a6 12. Rc1 c5 13. Nb3 Nxf5 14. Bd2 Nd4
15. Nxd4 cxd4 16. Nxe4 Bxd2+ 17. Nxd2 O-O 18. f3 Nc6 19. Bd3 Nb4 20. Bb1 Rae8+
21. Kf2 Re3 22. Rhe1 Rfe8 23. Nf1 Rxe1 24. Rxe1 Rxe1 25. Kxe1 a5 26. a3 Na6 27.
Ng3 Nc5 28. b4 Ne6 29. Be4 Bxe4 30. Nxe4 axb4 31. axb4 Nf4 32. Kf1 d5 33. cxd5
Nxd5 34. b5 Kf7 35. Nd6+ Ke6 36. Nc4 Ne3+ 37. Nxe3 dxe3 38. Ke2 Kd5 39. Kxe3
Kc4 40. Ke4 Kxb5 41. Ke5 Kc4 42. Ke6 b5 43. Kf7 b4 44. Kxg7 b3 45. Kxh7 b2 46.
h4 b1=Q+ 47. Kh6 Kd5 48. g4 Ke5 49. h5 Qb6+ 50. Kg7 Qf6+ 51. Kh7 Qg5 52. f4+
Kxf4 53. h6 Kxg4 0-1

[Event "GBR-ch86"]
[Site "Scarborough"]
[Date "1999.08.10"]
[Round "8.24"]
[White "Walker, David"]
[Black "Shaw, Robert"]
[Result "0-1"]
[WhiteElo "2280"]
[BlackElo "2184"]
[PlyCount "38"]
[EventDate "1999.08.02"]
[EventType "swiss"]
[EventRounds "11"]
[EventCountry "GBR"]

1. d4 e6 2. e4 d5 3. Nc3 Nf6 4. Bg5 Be7 5. e5 Nfd7 6. Bxe7 Qxe7 7. f4 O-O 8.
Nf3 c5 9. Nb5 a6 10. Nd6 cxd4 11. Bd3 f6 12. O-O Nc6 13. Qe2 Nc5 14. Rae1 Bd7
15. a3 Be8 16. g4 fxe5 17. Nxe8 e4 18. b4 Nxd3 19. cxd3 exf3 0-1

[Event "GBR-ch86"]
[Site "Scarborough"]
[Date "1999.08.10"]
[Round "8.26"]
[White "Devereaux, Max"]
[Black "Broomfield, Matthew"]
[Result "0-1"]
[WhiteElo "2265"]
[BlackElo "2164"]
[PlyCount "80"]
[EventDate "1999.08.02"]
[EventType "swiss"]
[EventRounds "11"]
[EventCountry "GBR"]

1. g3 e6 2. Bg2 Nf6 3. c4 d5 4. Nf3 Bd6 5. b3 O-O 6. Bb2 Nbd7 7. O-O c6 8. d3
e5 9. Nbd2 Re8 10. cxd5 cxd5 11. e4 b5 12. exd5 Nxd5 13. Ne4 Bb8 14. Nh4 Bb7
15. Nf5 Nf8 16. Qg4 g6 17. f4 h5 18. Nh6+ Kh7 19. Ng5+ Kg7 20. Nf5+ Kg8 21.
Nh6+ Kg7 22. Qh4 Qb6+ 23. Rf2 Kxh6 24. Nxf7+ Kg7 25. fxe5 Ne6 26. Bxd5 Bxd5 27.
Qf6+ Kh7 28. g4 Rg8 29. d4 Bc7 30. Qe7 Rg7 31. Rf6 Bd8 32. Qd7 Bxf6 33. Qxd5
Rxf7 34. Rf1 Rd8 35. Qe4 Ng5 36. Qe3 Bxe5 37. Qxe5 Rxf1+ 38. Kxf1 Rf8+ 39. Kg2
Qc6+ 40. d5 Qc2+ 0-1